000
00307nam a2200121Ia 4500
008
230907s9999||||xx |||||||||||||| ||und||
082
_a
621.3
_b
HAM
100
_a
Hambley, Allan R.,
_9
57110
245
0
_a
Electrical engineering :
300
_a
xviii, 890 pages ;
650
_a
Textbooks.
_9
8511
942
_c
BK
999
_c
598573
_d
598573